[Collection of correspondence relating to donations to the Chartered Auctioneers' and Estate Agents' Institute] (Record no. 116789)

MARC details
000 -LEADER
fixed length control field 00729cac a22002055a 4500
001 - CONTROL NUMBER
control field L142864
008 - FIXED-LENGTH DATA ELEMENTS--GENERAL INFORMATION
fixed length control field 080317i19161963xxk eng u
035 ## - SYSTEM CONTROL NUMBER
System control number (Sirsi) u142864
041 ## - LANGUAGE CODE
Language code of text/sound track or separate title eng
110 1# - MAIN ENTRY--CORPORATE NAME
Corporate name or jurisdiction name as entry element Chartered Auctioneers' and Estate Agents' Institute
245 01 - TITLE STATEMENT
Title [Collection of correspondence relating to donations to the Chartered Auctioneers' and Estate Agents' Institute]
Medium [manuscript]
260 ## - PUBLICATION, DISTRIBUTION, ETC.
Date of publication, distribution, etc. 1916-1963
300 ## - PHYSICAL DESCRIPTION
Extent 6 sheets
Dimensions 25 x 20 cm., or smaller
340 ## - PHYSICAL MEDIUM
Material base and configuration Typewritten
351 ## - ORGANIZATION AND ARRANGEMENT OF MATERIALS
Hierarchical level Fonds
500 ## - GENERAL NOTE
General note Correspondence relates to the donation of a lease dated 1692 and an auction poster dated 1851.
651 4# - SUBJECT ADDED ENTRY--GEOGRAPHIC NAME
Geographic name United Kingdom
Chronological subdivision
690 ## - LOCAL SUBJECT ADDED ENTRY--TOPICAL TERM (OCLC, RLIN)
Topical term or geographic name as entry element ABOUT RICS-RELATED ORGANISATIONS
942 ## - ADDED ENTRY ELEMENTS (KOHA)
Suppress in OPAC 0
Holdings
Withdrawn status Lost status Source of classification or shelving scheme Damaged status Not for loan Home library Current library Shelving location Date acquired Total Checkouts Full call number Barcode Date last seen Copy number Price effective from Koha item type
    Dewey Decimal Classification     London London Basement 17/03/2008   BASEMENT BOX 3 142864-1001 06/08/2019 1 06/08/2019 Archive